Quiz de Portugal - Statistics

Estatísticas Gerais
  • Esse quiz foi jogado 22 014 vezes
  • A pontuação média é 13 de 20
Estatísticas das Respostas
Dica Resposta % Correto
Capital Lisboa
99%
País fronteiriço Espanha
98%
Segunda maior cidade Porto
93%
Votado cinco vezes como o melhor jogador de futebol internacional Cristiano Ronaldo
92%
Península onde Portugal está Ibéria
90%
País colonizado em 1530 Brasil
89%
Arquipélagos no Oceano Atlântico Madeira
71%
Primeiro nome mais comum João
66%
Explorador que navegou para a Índia Vasco da Gama
66%
País aliado com Portugal desde 1373 Reino Unido (Inglaterra)
65%
Arquipélagos no Oceano Atlântico Açores
62%
Colônia dada para a China em 1999 Macau
60%
Região ao sul Algarve
57%
Moeda oficial antiga Escudo
47%
Rio e região vinícola Douro
45%
Grupo muçulmano que dominou Portugal Mouros
39%
Colônia dada para a Índia em 1961 Goa
36%
Portugal produz 50% deste produto utilizado pela indústria vinícola Cortiça
34%
Explorador que começou a primeira circum-navegação do mundo Fernão de Magalhães
33%
Raça de cães famosa Cão de {água} português
32%
Nenhum quiz correspondente encontrado
Distribuição das Pontuações
Porcentagem de Pessoas com Cada Pontuação
Percentil de Números Respondidos
Sua Pontuação Histórica
Você não jogou esse quiz